000 00355nam a2200133Ia 4500
008 220216s9999 xx 000 0 und d
100 _aNarayanan P.K.
245 0 _aRubber planting: A rural development perspective
260 _bRubber Board Bulletin
_c1989
300 _a13-14
650 _aRubber planting
650 _aRural development
942 _cBS
999 _c51166
_d51166